00894nam a2200181 a 4500001001000000005001700010008004100027041000800068044000600076050002300082100003100105245041500136260004000551300002400591500000900615651003700624651005100661BRCA_691820190320205636.0161111s1881----u--#######---#000-0#eng-# aeng au 4aF319 S2b.D48 18811 aDewhurst, William Whitwell10aThe history of Saint Augustine, Floridabwith an introductory account of the early Spanish and French attempts at exploration and settlement in the territory of Florida, together with sketches of events and objects of interest connected with the oldest town in the United States, to which is added a short description of the climate and advantages of Saint Augustine as a health resortcby William W. Dewhurst. aNueva YorkbG. P. Putnam Sonsc1881 avii, 182 p.c20 cm. aO136 4aSan Agustín, FloridaxHistoria 4aFloridaxHistoriazÉpoca colonial hasta 1821